000 00727am a2200289a 44500
003 AR-BaBNM
005 20251128210955.0
008 020502s2002 Arg|||||||||||000 | esp||
020 _a987-98566-3-5
040 _cAR-BaBNM
100 1 _aGrondona, Mariano
245 1 0 _aHistoria de la idea democrática
250 _a1ª ed.
260 _aBuenos Aires
_bAcademia Nacional de Periodismo
_c2002
300 _a97 p.
650 4 _aDEMOCRACIA
650 4 _aFILOSOFIA POLITICA
650 4 _aDERECHO
650 4 _aIDEOLOGIAS
650 4 _aCIENCIAS POLITICAS
650 4 _aHISTORIA ANTIGUA
651 4 _aEstados Unidos
653 _aMODERNIDAD
653 _aFORMAS DE GOBIERNO
942 _cBK
998 _cmariana
999 _c17710
_d17710